Kuntres ḥidushe Torah; (Record no. 32759)

MARC details
000 -LEADER
fixed length control field 00629cam a22002171 4500
001 - CONTROL NUMBER
control field he 67002272
003 - CONTROL NUMBER IDENTIFIER
control field DLC
005 - DATE AND TIME OF LATEST TRANSACTION
control field 20260227111451.0
008 - FIXED-LENGTH DATA ELEMENTS--GENERAL INFORMATION
fixed length control field 880512s1965 is 000 0 hebr
010 ## - LIBRARY OF CONGRESS CONTROL NUMBER
LC control number he 67002272
035 ## - SYSTEM CONTROL NUMBER
System control number (OCoLC)17944260
040 ## - CATALOGING SOURCE
Original cataloging agency DLC
Transcribing agency TxU
Modifying agency TxU
-- DLC
042 ## - AUTHENTICATION CODE
Authentication code premarc
050 00 - LIBRARY OF CONGRESS CALL NUMBER
Classification number BM504.2
Item number .T7
100 1# - MAIN ENTRY--PERSONAL NAME
Personal name Trachtman, Benjamin.
245 10 - TITLE STATEMENT
Title Kuntres ḥidushe Torah;
Remainder of title beʼurim ve-ḥidushim be-sugyot shonot sheba-Shas.
Statement of responsibility, etc. ha-Meḥaber Binyamin Trakhtman.
260 ## - PUBLICATION, DISTRIBUTION, ETC.
Place of publication, distribution, etc. Bene-Berak,
Date of publication, distribution, etc. 726 [1965]
300 ## - PHYSICAL DESCRIPTION
Extent 16 p.
Dimensions 24 cm.
500 ## - GENERAL NOTE
General note Cover title.
630 00 - SUBJECT ADDED ENTRY--UNIFORM TITLE
Uniform title Talmud
General subdivision Commentaries.

No items available.

Powered by Koha